000 01396nam0a2200313 4500
001 RU\NLR\bibl\1089910
005 20260406153824.0
021 _aRU
_b2007-25244
_91336
035 _a(NLR Aleph) 001077050
090 _a1034812
_c1034812
100 _a20070523d2007 |||y0rusy50 ca
101 0 _arus
_deng
102 _aRU
105 _aa |||||||||
200 1 _aВычисление нормальных форм уравнений Эйлера-Пуассона
_fА.Д. Брюно и В.Ф. Еднерал
210 _aМосква
_cИнститут прикладной математики РАН
_d2007
215 _a17 с.
_cил.
_d21
225 1 _aПрепринт
_fИн-т прикл. математики им. М.В. Келдыша Рос. акад. наук
_vN 1 за 2007 г.
300 _aРез. на англ. яз.
320 _aБиблиогр.: с. 14 (4 назв.)
606 1 _aТвердые тела
_xДвижение вокруг неподвижной точки
_xЭйлера уравнения
_xРешение
_92416973
_3RU\NLR\auth\661439658
686 _aВ236.33с11
700 1 _4070
_8rus
_7ca
_aБрюно
_bА. Д.
_f1940-
_gАлександр Дмитриевич
_3RU\NLR\auth\776574
_9116525
701 1 _aЕднерал
_bВ. Ф.
_4070
801 0 _aRU
_bNLR
_c20070523
_gRCR
801 1 _aRU
_bNLR
_c20070523
942 _cBOOK
980 _aNB